000 00336nam a2200145Ia 4500
008 230711s9999||||xx |||||||||||||| ||und||
041 _aENG
082 _a621
_bGO-A
100 _aGaur,R.K
245 0 _aBasic applied Physics
250 _a1st . Ed.
260 _c1992
_aNew Delhi
_bPradeep publishers
650 _aPhysics
942 _cBK
999 _c2911
_d2911